Państwa z przynajmniej dwoma literami „T” - Statystyki

Ogólne statystyki
  • Ten quiz został rozwiązany 148 razy
  • Średni wynik to 4 z 7
Statystyki odpowiedzi
Państwo % Poprawnych
Turkmenistan
80%
Trynidad i Tobago
75%
Tadżykistan
73%
Saint Kitts i Nevis
47%
Saint Vincent i Grenadyny
47%
Wyspy Świętego Tomasza i Książęca
46%
Liechtenstein
22%
Nie znaleziono quizów pasujących do podanych kryteriów
Rozkład punktacji
Procent ludzi z każdym wynikiem
Percentyl według liczby udzielonych odpowiedzi
Twoja historia wyników
Nie rozwiązałeś tego quizu